| 000 | 00461nam a2200181Ia 4500 | ||
|---|---|---|---|
| 008 | 170705s9999 xx 000 0 und d | ||
| 020 | _a590449486 | ||
| 245 | _aItchy, itchy chicken pox / | ||
| 245 | _cGrace Maccarone ; illustrated by Betsy Lewin. | ||
| 260 | _aNew York : | ||
| 260 | _bScholastic, | ||
| 260 | _c1992 | ||
| 300 | _a30 pages : | ||
| 300 | _bcolor illustration ; | ||
| 300 | _c23cm. | ||
| 440 | _aHello reader! Level 1. | ||
| 500 | _aBR | ||
| 999 |
_c336996 _d336996 |
||